LEADER 01253nam 2200349Ia 450 001 996389122103316 005 20221108043717.0 035 $a(CKB)4940000000095257 035 $a(EEBO)2264214869 035 $a(OCoLC)07896974 035 $a(EXLCZ)994940000000095257 100 $a19811030d1646 uy | 101 0 $aeng 135 $aurbn||||a|bb| 200 14$aThe purifying of unclean hearts and hands$b[electronic resource] $eopened in a sermon preached before the honourable House of Commons at their solemn fast, February 28, 1645 in Margarets Westminster /$fby Richard Vines 210 $aLondon $cPrinted by R.L. for Abel Roper$d1646 215 $a[3], 31 p 300 $a"Published by order of the House of Commons." 300 $aReproduction of original in the University of Illinois (Urbana-Champaign Campus). Library. 330 $aeebo-0167 606 $aFast-day sermons 606 $aSermons, English$y17th century 615 0$aFast-day sermons. 615 0$aSermons, English 700 $aVines$b Richard$f1600?-1656.$01001686 801 0$bUMI 801 1$bUMI 801 2$bWaOLN 906 $aBOOK 912 $a996389122103316 996 $aThe purifying of unclean hearts and hands$92299012 997 $aUNISA LEADER 01531nam 2200421 a 450 001 9910693198303321 005 20041126134153.0 035 $a(CKB)5470000002359527 035 $a(OCoLC)57055341 035 9 $aocm57055341 035 $a(OCoLC)995470000002359527 035 $a(EXLCZ)995470000002359527 100 $a20041126d2004 ua 0 101 0 $aeng 135 $aurmn|||||| 181 $ctxt$2rdacontent 182 $cc$2rdamedia 183 $acr$2rdacarrier 200 10$aFinancial management$b[electronic resource] $eimproved financial systems are key to FFMIA compliance : report to congressional requesters 210 1$a[Washington, D.C.] :$cU.S. Government Accountability Office,$d[2004] 300 $aTitle from title screen (viewed on Nov. 23, 2004). 300 $a"October 2004." 300 $aPaper version available from: U.S. Government Accountability Office, 441 G St., NW, Rm. LM, Washington, D.C. 20548. 300 $a"GAO-05-20." 320 $aIncludes bibliographical references. 517 $aFinancial management 606 $aFinance, Public$zUnited States$xManagement 606 $aFinance, Public$xAccounting$xStandards$zUnited States 606 $aManagement information systems 615 0$aFinance, Public$xManagement. 615 0$aFinance, Public$xAccounting$xStandards 615 0$aManagement information systems. 801 0$bGPO 801 1$bGPO 906 $aBOOK 912 $a9910693198303321 996 $aFinancial Management$9424135 997 $aUNINA